| 000 | 01091nam a2200325 a 4500 | ||
|---|---|---|---|
| 001 | 000114909 | ||
| 003 | CHAP | ||
| 005 | 20220329144503.0 | ||
| 008 | 180802s2018 mx a |r| |||0|||spa d | ||
| 010 | _a111370 | ||
| 011 | _a112342 | ||
| 040 | _cCHAP | ||
| 082 | 0 | 4 |
_a630.92 _bP15 |
| 245 | 0 | 0 |
_aIng. Gilberto Palacios de la Rosa / _ccoordinado por María Isabel Palacios Rangel y Jorge Gustavo Ocampo Ledesma. |
| 260 |
_aMéxico : _bUACH, CIESTAAM, _c2018. |
||
| 300 |
_a147p. : _bil. y cuadros. |
||
| 590 |
_aBATCH-UPD _b10 _c20190430 _lUCH01 _h1540 |
||
| 590 |
_aE11695DGD _b10 _c20190430 _lUCH01 _h1539 |
||
| 590 |
_aE6339RRR _b05 _c20180802 _lUCH01 _h0909 |
||
| 590 |
_aE6339RRR _b05 _c20180802 _lUCH01 _h1426 |
||
| 590 |
_aE6339RRR _b05 _c20180803 _lUCH01 _h0914 |
||
| 600 | 1 | 0 |
_aPalacios de la Rosa, Gilberto _d(1913 - 1973) _vBiografía. _9135306 |
| 650 | 1 | 4 |
_aAgrónomos mexicanos _xBiografía. _92209 |
| 650 | 1 | 4 |
_aMaíz _xCalidad. _970894 |
| 650 | 1 | 4 |
_aMaíz _xMejoramiento. _971006 |
| 700 | 0 |
_aOcampo Ledesma, Jorge G. _ecoord. _982603 |
|
| 901 | _aBK | ||
| 942 | _cLIBRO | ||
| 942 | _n0 | ||
| 999 |
_c111370 _d111370 |
||